Pokémon inspirés par des animaux - Clic Quiz - Statistiques

Statistiques générales
  • Ce quiz a été pris 32 589 fois
  • Le résultat moyen est 28 sur 40
Statistiques - réponses
Hint Réponse % Correct
Miaouss Chat
87%
Chenipan Chenille
85%
Carapuce Tortue
85%
Couaneton Canard
84%
Nosferapti Chauve-souris
84%
Dardargnan Guêpe
82%
Wailmer Baleine
80%
Keunotor Castor
80%
Croâporal Grenouille
80%
Hoothoot Hibou
79%
Démanta Raie
78%
Sharpedo Requin
78%
Wattouat Mouton
77%
Bekipan Pélican
77%
Scarhino Scarabée
77%
Arbok Cobra
76%
Kaiminus Crocodile
76%
Phanpy Éléphant
75%
Tiplouf Manchot
73%
Crabicoque Bernard-l'hermite
71%
Kecleon Caméléon
69%
Mustébouée Loutre
69%
Octillery Pieuvre
69%
Yanmega Libellule
67%
Obalie Phoque
67%
Tiboudet Âne
66%
Flambusard Faucon
66%
Pashmilla Chinchilla
65%
Soporifik Tapir
63%
Sapereau Lapin
62%
Bargantua Piranha
60%
Emolga Écureuil volant
59%
Vigoroth Paresseux
57%
Drascore Scorpion
57%
Shaymin Hérisson
54%
Tentacruel Méduse
54%
Mamanbo Poisson-lune
52%
Wattapik Oursin
51%
Brutapode Mille-pattes
50%
Kravarech Hippocampe
40%
Aucun quiz correspondant
Distribution des résultats
% des personnes avec chaque résultat
Percentile par nombre de réponses
Votre historique - résultats
Vous n’avez pas pris ce quiz